000 00268nam a22001217a 4500
008 181105b xxu||||| |||| 00| 0 eng d
041 _aeng
080 _a610
100 _a3
101 _aSHM
245 _aHndbook Of Medical Physics
_cRobert.G.W
942 _2udc
_cBK
999 _c51851
_d51851